| 000 | 00845cam a2200217 i 4500 | ||
|---|---|---|---|
| 020 | _a9781578865598 (hbk. : alk. paper) | ||
| 020 | _a157886559X (hbk. : alk. paper) | ||
| 020 | _a9781578865758 (pbk. : alk. paper) | ||
| 020 | _a1578865751 (pbk. : alk. paper) | ||
| 040 | _cDLC | ||
| 082 | 0 | 0 | _a372 KRO 1991 C162 Or. |
| 100 | 1 | _aDePino, Catherine. | |
| 245 | 1 | 0 | _a101 ways to help preschoolers excel in reading, writing, and speaking / |
| 246 | 3 | _aOne hundred one ways to help preschoolers excel in reading, writing, and speaking | |
| 246 | 3 | _aOne hundred and one ways to help preschoolers excel in reading, writing, and speaking | |
| 300 |
_axiii, 144 pages ; _c24 cm |
||
| 650 | 0 | _aLanguage arts (Preschool) | |
| 650 | 0 | _aEducation, Preschool | |
| 856 | 4 | 1 | _uhttp://catdir.loc.gov/catdir/toc/ecip075/2006036668.html |
| 942 | _cAEDBB | ||
| 999 |
_c19285 _d19285 |
||